Catálogo - Centro de Recursos para el Aprendizaje y la Investigación

Volver al Sitio - CRAI Biblioteca

Santo Domingo 1965, guerra patria de abril : (Registro nro. 114356)

Detalles MARC
000 -CABECERA
campo de control de longitud fija 02252nam a2200265 4500
001 - NÚMERO DE CONTROL
campo de control 114356
003 - IDENTIFICADOR DEL NÚMERO DE CONTROL
campo de control DR-UNIBE
005 - FECHA Y HORA DE LA ÚLTIMA TRANSACCIÓN
campo de control 20260130111815.0
008 - DATOS DE LONGITUD FIJA--INFORMACIÓN GENERAL
campo de control de longitud fija 260130b2009 dr ||||| |||| 00| 0 spa d
020 ## - NÚMERO INTERNACIONAL ESTÁNDAR DEL LIBRO
Número Internacional Estándar del Libro 9789993458913
040 ## - FUENTE DE LA CATALOGACIÓN
Centro catalogador/agencia de origen BIBLIOTECA UNIBE
Lengua de catalogación spa
Centro/agencia transcriptor BIBLIOTECA UNIBE
Normas de descripción rda
041 ## - CÓDIGO DE LENGUA
Código de lengua del texto/banda sonora o título independiente spa
082 ## - NÚMERO DE LA CLASIFICACIÓN DECIMAL DEWEY
Número de clasificación RD 972.93054 G277s
100 10 - ENTRADA PRINCIPAL--NOMBRE DE PERSONA
Nombre de persona Gautreaux Piñeyro, Bonaparte,
Fechas asociadas al nombre 1937 -
9 (RLIN) 38168
Término indicativo de función/relación autor
245 10 - MENCIÓN DE TÍTULO
Título Santo Domingo 1965, guerra patria de abril :
Resto del título mi memoria, una visión personal /
Mención de responsabilidad, etc. Bonaparte Gautreaux Pineyro
250 ## - MENCIÓN DE EDICIÓN
Mención de edición Primera edición
260 ## - PUBLICACIÓN, DISTRIBUCIÓN, ETC.
Lugar de publicación, distribución, etc. Santo Domingo :
Nombre del editor, distribuidor, etc. Editora Centenario,
Fecha de publicación, distribución, etc. 2009
300 ## - DESCRIPCIÓN FÍSICA
Extensión viii, 589 páginas :
Otras características físicas fotos b/n ;
Dimensiones 23 x 15 cm
500 ## - NOTA GENERAL
Nota general Información del autor en las solapas
505 ## - NOTA DE CONTENIDO CON FORMATO
Nota de contenido con formato La Iglesia Catolica y Trujillo |<br/>El triunvirato |<br/>1964 |<br/>Enero-Abril de 1965 |<br/>24 de Abril de 1965 |<br/>Madrugada del 25 de Abril |<br/>Lunes 26 |<br/>27 de Abril de 1965 |<br/>El pueblo vence el fantasma de Trujillo : la batalla del puente Duarte |<br/>28 de Abril !vaya con la prensa |<br/>En la zona norte |<br/>Legalizar la intervención |<br/>Gestiones para el retorno del presidente Bosch |<br/>Entre el 28 de abril y el 3 de mayo en la mañana |<br/>La importancia de la fortaleza Ozama | <br/>Luis Reyes Acosta |<br/>Teníamos la mejor ubicación |<br/>La mañana del 3 de mayo |<br/>Acta de la Asamblea Nacional que eligió presidente de la República al ciudadano Francisco Alberto Caamaño Deño |<br/>La juramentación del presidente Caamaño |<br/>¿Quién era el coronel Francisco Alberto Caamaño Deño? |<br/>Coronel Rafael Tomás Fernández Domínguez |<br/>La mañana del 4 de mayo |<br/>Life en español |<br/>Separar la paja del grano |<br/>19 de mayo de 1965 |<br/>La fórmula Guzmán, una jugada de distracción |<br/>Héroes en otros frentes |<br/>Bunker vino con un manda claro |<br/>La iglesia católica en la zona constitucional<br/>Después |<br/>Tiempo de vivir, tiempo de morir |<br/>Los culpables |<br/>El regreso de los constitucionalistas |<br/>Al final |<br/>Cronología |<br/>Obras consultadas |<br/>Notas |<br/>Índice onomástico<br/><br/>
651 #7 - PUNTO DE ACCESO ADICIONAL DE MATERIA--NOMBRE GEOGRÁFICO
Fuente del encabezamiento o término lemb
Nombre geográfico República Dominicana
Subdivisión general Historia
-- Revolución de abri l
Subdivisión cronológica 1965
Subdivisión general Relatos
9 (RLIN) 201969
700 10 - PUNTO DE ACCESO ADICIONAL--NOMBRE DE PERSONA
Nombre de persona Díaz, Carlos
9 (RLIN) 201966
Término indicativo de función/relación portada
700 10 - PUNTO DE ACCESO ADICIONAL--NOMBRE DE PERSONA
Nombre de persona Román, Teresa
9 (RLIN) 199291
Término indicativo de función/relación diagramador
942 ## - ELEMENTOS DE PUNTO DE ACCESO ADICIONAL (KOHA)
Fuente del sistema de clasificación o colocación Sistema de Clasificación Decimal Dewey
Tipo de ítem Koha Libro (general)
Existencias
Estado de retiro Estado de pérdida Fuente del sistema de clasificación o colocación No para préstamo Código de colección Localización permanente Fecha de adquisición Total de préstamos Signatura topográfica completa Código de barras Fecha visto por última vez Número de copia Precio válido a partir de Tipo de ítem Koha
  Disponible Sistema de Clasificación Decimal Dewey   General - Libros dominicanos Biblioteca Central UNIBE 12/11/2025   RD 972.93054 G277s 260060 30/01/2026 Ej. 1 30/01/2026 Libro (general)